Moderní architektura a památková péče /

Hlavní autor: Kudělka, Zdeněk, 1926-2000
Jazyk: Čeština
Vydáno: Brno : Filosofická fakulta brněnské university, 1971
Fyzický popis: s. 311-315
Knihy
Uloženo v:
LEADER 00760nam a22002052a 4500
001 000387134
003 CZ BrMZK
005 20050110131143.0
008 010907s1971 xr f cze d
040 |a BOA001  |b cze  |c BOA001 
041 0 |a cze  |b ger 
100 1 |a Kudělka, Zdeněk,  |d 1926-2000  |7 jk01070642  |4 aut 
245 1 0 |a Moderní architektura a památková péče /  |c Zdeněk Kudělka 
260 |a Brno :  |b Filosofická fakulta brněnské university,  |c 1971 
300 |a s. 311-315 
500 |a Německé resumé 
500 |a Separát z: Sborník prací filosofické fakulty brněnské university, F 14-15, 1971 
910 |a BOA001  |b X-0742.211 
990 |a BK 
996 6 |b 2610237424  |c X-0742.211  |l MZK  |r Sklad / do 24 hodin  |n 38  |p p.v.  |w 000387134  |u 000020  |a 1  |e BOA001  |j MZK50  |s P